000 00810nam a22002417a 4500
005 20231227110755.0
010 _aENG-138744 ENG-138745
020 _a9789390897650
_c995.00
020 _a9789390897575
_c395.00
035 _aEN-122276
035 _aEN-122277
037 _bDBAD/PUB
082 _a371.3
_21
100 _aSultana, Sahifa
_960266
245 _aAn Overview of Tpack and Science Teaching/
_cBy Sahifa Sultana
250 _a1
260 _aNew Delhi
_bNeelkamal Publications
_c2021
270 _a4764/1, 23, Ansari Road, Daryaganj
_bNew Delhi
_e110002
_k011-23244237
_k9811828953
_mneelkamalbooks@gmail.com
300 _axvi+189p.
_c25cm(hb)
300 _axvi+189p.
_c24cm(pb)
500 _aIncludes bibliographical references and index
942 _2ddc
_cEN
_h371.3
_mSUL
_e1
999 _c199823
_d199823